000 00523nam a2200169 4500
001 120137
003 ES-MaACL
005 20230906191455.0
007 t|
008 070214s1958 sp r ||||1| spa d
110 2 _aIglesia Católica.
_bPapa (1939-1958: Pío XII)
_94666
245 1 3 _aEl Papa habla /
_cselección y prólogo del Rvdo. Dr. Ramón Roguer.
260 _aBarcelona :
_bA. H. R.,
_c1958.
300 _a315 p., 4 lám. ;
_c21 cm.
700 1 _aRoguer, Ramón.
_998967
852 _aES-MaACL
_jC-15085
_bR.42974
999 _c120137
_d120137